Study about land transaction in bore cholsar district takeo province, ការសិក្សាអំពីការផ្ទេរកម្មសិទ្ធកាន់កាប់នៅស្រុកបូរីជលសារ ខេត្តតាកែវ (Record no. 25759)

000 -LEADER
fixed length control field 00554nam a22001217a 4500
040 ## - CATALOGING SOURCE
Transcribing agency RUA
082 ## - DEWEY DECIMAL CLASSIFICATION NUMBER
Classification number LMA SEN 2025 B701 Or.1
100 ## - MAIN ENTRY--AUTHOR NAME
Personal name SENG CHENGSIM, សេង ចេងស៊ីម
245 ## - TITLE STATEMENT
Title Study about land transaction in bore cholsar district takeo province, ការសិក្សាអំពីការផ្ទេរកម្មសិទ្ធកាន់កាប់នៅស្រុកបូរីជលសារ ខេត្តតាកែវ
260 ## - PUBLICATION, DISTRIBUTION, ETC. (IMPRINT)
Place of publication PHNOM PENH
Name of publisher RUA
Year of publication 2025
300 ## - PHYSICAL DESCRIPTION
Number of Pages xiii,37p.
Other physical details ill.
Dimensions 29cm.
942 ## - ADDED ENTRY ELEMENTS (KOHA)
Koha item type LMA
952 ## - LOCATION AND ITEM INFORMATION (KOHA)
Withdrawn status [LOCAL, KOHA] 0
952 ## - LOCATION AND ITEM INFORMATION (KOHA)
Withdrawn status [LOCAL, KOHA] 0
Holdings
Permanent Location Date acquired Koha item type Lost status Shelving location Barcode Current Location Full call number
Library Block B2026-05-15LMA B701B712965Library Block BLMA SEN 2025 B701 Or.1
Library Block B2026-05-15LMA B701B712325Library Block BLMA SEN 2025 B701 Or.2
មជ្ឈមណ្ឌលឯការនៃសាកលវិទ្យាល័យភូមិន្ទកសិកម្មចំការដូង

Powered by Koha